عرض عادي
عرض مارك
- Warner, Kristine D.
مدخل إسم شخص
001 - رقم الضبط
- حقل الضبط: 19902
003 - معرف رقم الضبط
- حقل الضبط: OSt
005 - تاريخ ووقت أخر عملية
- حقل الضبط: 20130127135400.0
008 - عناصر بيانات ثابتة الطول
- حقل تحكم ثابت الطول: 130127|||a|||||| | ||| d
040 ## - مصدر الفهرسة
- هيئة الفهرسة الأصلية: OSt
- وكالة الكتابة: OSt
100 ## - مدخل -- أسم شخص
- إسم شخص: Warner, Kristine D.
670 ## - بيانات المصدر موجوده
- الاستشهاد بالمصدر: Work cat.: (OSt)0: Allender, Judith Ann. 5352, Community health nursing :, c2010.
